000
00348pam a2200157a 44500
008
230515b1997 xxu||||| |||| 00| 0 eng d
020
_a
NULL
041
_a
ENG
082
_a
618.1
100
_a
D. C. DATTA
245
_a
TEXTBOOK OF GYNAECOLOGY
250
_a
0
260
_a
NULL
_b
"DAWNS BOOK, ND, "
_c
1997
300
_a
704
650
_a
N.D.
999
_c
521770
_d
521770